Nghiên cứu thành phần nuôi cấy sinh khối nấm Cordyceps chủng DI0077 : Báo cáo tổng kết đề tài nghiên cứu Khoa học cấp trường

Gespeichert in:
Bibliographische Detailangaben
1. Verfasser: Trương, Kiều Hoa
Format: Đề tài khoa học
Sprache:Undetermined
Veröffentlicht: Trường Đại học Công nghiệp Tp. Hồ Chí Minh 2018
Schlagworte:
Tags: Tag hinzufügen
Keine Tags, Fügen Sie den ersten Tag hinzu!
Thư viện lưu trữ: Trung tâm Thư viện - Trường Đại học Công nghiệp TP. Hồ Chí Minh
LEADER 00710nam a2200157Ia 4500
001 UIH_00654
008 230809s9999 xx 000 0 und d
082 |a 660.6 
100 |a Trương, Kiều Hoa 
245 0 |a Nghiên cứu thành phần nuôi cấy sinh khối nấm Cordyceps chủng DI0077 : Báo cáo tổng kết đề tài nghiên cứu Khoa học cấp trường 
245 0 |c Trương, Kiều Hoa 
260 |b Trường Đại học Công nghiệp Tp. Hồ Chí Minh 
260 |c 2018 
650 |a Công nghệ sinh học; 
927 |a Đề tài khoa học 
980 |a Trung tâm Thư viện - Trường Đại học Công nghiệp TP. Hồ Chí Minh